LEADER 01302nam0-2200397---450 001 990005623230203316 005 20190403124932.0 035 $a000562323 035 $aUSA01000562323 035 $a(ALEPH)000562323USA01 035 $a000562323 100 $a20020118d1979----|||y0itaa50------ba 101 $afre 102 $abe 105 $a0 00||| 200 1 $aVoyages aux pays de nulle part$ehistoire litteraire de la pensee utopique$fRaymond Trousson 205 $a2. ed. revue et augmentee 210 $aBruxelles$ceditions de l'Universite de Bruxelles$d1979 215 $a296 p.$d24 cm. 225 2 $aUniversité libre de Bruxelles. Faculté de Philosophie et Lettres$v60. 410 0$12001$aUniversité libre de Bruxelles. Faculté de Philosophie et Lettres$v60. 606 $aLetteratura$xTemi[:] Utopia$2F 620 $dBRUXELLES 676 $a808.803 72 700 1$aTROUSSON,$bRaymond$0165274 801 0$aIT$bSA$c20111219 912 $a990005623230203316 950 0$aDipar.to di Filosofia - Salerno$dDFCC 808.803 72 TRO$e560 FIL 951 $aCC 808.803 72$b560 FIL 959 $aBK 969 $aFIL 979 $c20121027$lUSA01$h1525 979 $c20121027$lUSA01$h1614 996 $aVoyages aux pays de nulle part$925829 997 $aUNISA NUM $aSA0005946 LEADER 02588nam 22006493 450 001 9910886976003321 005 20260304110034.0 010 $a9781040123447 010 $a1040123449 010 $a9781040123508 010 $a1040123503 010 $a9781032686899 010 $a1032686898 024 8 $a10.1201/9781032686899 035 $a(MiAaPQ)EBC31554495 035 $a(Au-PeEL)EBL31554495 035 $a(CKB)34075299800041 035 $a(ScCtBLL)60835189-91ac-4432-bb11-638ab05c6c67 035 $a(ScCtBLL)1098f715-718f-40f5-b93f-a2da9aa5e210 035 $a(ODN)ODN0011099988 035 $a(EXLCZ)9934075299800041 100 $a20240820d2024 uy 0 101 0 $aeng 135 $aurcnu|||||||| 181 $ctxt$2rdacontent 182 $cc$2rdamedia 183 $acr$2rdacarrier 200 10$aCivil Engineering Innovations for Sustainable Communities with Net Zero Targets 205 $a1st ed. 210 $d2024 210 1$aBoca Raton :$cTaylor & Francis Group,$d2024. 210 4$d©2025. 215 $a1 online resource (342 pages) 311 18$a9781032662015 311 18$a1032662018 327 $aSustainable communities with net zero targets / Dr. Sreevalsa Kolathayar, Prof. N Vinod Chandra Menon, Dr. Sreekeshava K S -- Attainment of Sustainable Development Goals through responsible utilization of resources as building materials : a case study from Kerala State, South India / Subha Vishnudas, Lekshmi M. S. -- Sustainable construction technologies : a way forward / Keerthana Kirupakaran. 330 $aThis volume on civil engineering innovations for sustainable communities with net zero targets aligns with the United Nations sustainable development goals in the context of civil engineering innovations. 606 $aSustainable engineering$xTechnological innovations 606 $aSustainable development 606 $aClimate change mitigation 606 $aRenewable energy sources 615 0$aSustainable engineering$xTechnological innovations. 615 0$aSustainable development. 615 0$aClimate change mitigation. 615 0$aRenewable energy sources. 676 $a628 686 $aTEC009020$2bisacsh 700 $aKolathayar$b Sreevalsa$01588999 701 $aChandra Menon$b N. Vinod$01770888 701 $aSreekeshava$b K. S$01589001 801 0$bMiAaPQ 801 1$bMiAaPQ 801 2$bMiAaPQ 906 $aBOOK 912 $a9910886976003321 996 $aCivil Engineering Innovations for Sustainable Communities with Net Zero Targets$94462586 997 $aUNINA